Normal view
MARC view
- May, A.J.C Bird, J.O
Entry Personal Name
001 - CONTROL NUMBER
- control field: 79928
003 - CONTROL NUMBER IDENTIFIER
- control field: NUST
005 - DATE AND TIME OF LATEST TRANSACTION
- control field: 20210628210544.0
008 - FIXED-LENGTH DATA ELEMENTS
- fixed length control field: 210628|| aca||aabn | a|a d
040 ## - CATALOGING SOURCE
- Original cataloging agency: NUST
- Transcribing agency: NUST
100 ## - HEADING--PERSONAL NAME
- Personal name: May, A.J.C Bird, J.O
670 ## - SOURCE DATA FOUND
- Source citation: Work cat.: (NUST): May, A.J.C Bird, J.O, Engineering science 2 checkbook, 1982
